100 Biggest Companies by Market Cap Worldwide - Statistics

General Stats
  • This quiz has been taken 530 times
    526 since last reset
  • The average score is 36 of 100
Answer Stats
Answer % Correct
3 Apple
96%
2 Microsoft
93%
4 Alphabet
88%
9 Tesla
88%
5 Amazon
86%
1 NVIDIA
86%
6 META
83%
30 SAMSUNG
76%
13 Walmart
76%
46 TOYOTA
71%
12 JP Morgan Chase
69%
34 Coca-Cola Company
63%
64 McDonald's
63%
29 Bank of America
59%
21 Exxon Mobil
55%
10 Berkshire Hathaway
54%
71 SHELL
53%
7 SAUDI ARABIAN OIL
52%
89 Boeing
51%
11 TAIWAN SEMICONDUCTOR MANUFACTURING
51%
14 Oracle
49%
90 SONY
48%
33 Chevron
47%
62 Goldman Sachs
47%
23 Johnson & Johnson
47%
35 AMD
46%
19 Netflix
45%
72 Disney
44%
17 Visa
44%
99 AIRBUS
43%
36 Alibaba Group Holding
43%
37 ASML
43%
20 Mastercard
43%
76 PepsiCo
43%
56 Morgan Stanley
42%
8 Broadcom
41%
61 IBM
41%
16 Eli Lilly
40%
15 TENCENT
40%
74 AT&T
39%
49 Wells Fargo
39%
63 HSBC
38%
40 LVMH
37%
41 UnitedHealth Group
37%
81 Verizon .
37%
67 American Express
36%
22 Costco
36%
24 Palantir
36%
59 NOVO NORDISK
35%
25 Home Depot
34%
32 SAP SE
33%
58 NESTLE
32%
93 BlackRock
29%
98 Citigroup
29%
101 QUALCOMM
29%
55 Salesforce
29%
43 Cisco Systems
28%
27 Procter & Gamble
28%
51 AstraZeneca
27%
66 SIEMENS
27%
73 BANK OF CHINA
26%
75 RTX
26%
47 HERMES
24%
28 INDUSTRIAL & COMMERCIAL BANK OF CHINA
22%
52 L'OREAL
22%
70 Merck & Company
22%
94 XIAOMI
22%
54 NOVARTIS
21%
65 PETROCHINA
21%
69 Blackstone
20%
45 ROCHE
20%
79 ROYAL BANK OF CANADA
20%
78 Uber
20%
31 AGRICULTURAL BANK OF CHINA
19%
80 Caterpillar
19%
26 AbbVie
17%
83 Shopify
17%
91 Texas Instruments
16%
82 Thermo Fisher Scientific
15%
88 Deutsche TELEKOM
14%
77 Intuit
14%
68 RELIANCE INDUSTRIES
14%
50 CHINA MOBILE
13%
39 GE Aerospace
13%
60 Linde
13%
44 Philip Morris
13%
57 Abbott Labs
12%
42 CHINA CONSTRUCTION BANK
12%
48 KWEICHOW MOUTAI
12%
38 T-Mobile US
12%
95 Charles Schwab
11%
84 COMMONWEALTH BANK OF AUSTRALIA.
10%
92 Booking Holdings
9%
87 CONTEMPORARY AMPER
9%
96 HDFC BANK
9%
53 International Holding Company
9%
86 ServiceNow
9%
97 Arista Networks
7%
85 MITSUBISHI UFJ FINANCIAL
7%
100 Intuitive Surgical
6%
No matching quizzes found
Score Distribution
Percent of People with Each Score
Percentile by Number Answered
Your Score History
You have not taken this quiz since the last reset